UM Logo

Crime rate in the Municipality of Sta. Maria for the year 2014 - 2016 / (Record no. 11557)

MARC details
000 -LEADER
fixed length control field 00681nam a22001697a 4500
008 - FIXED-LENGTH DATA ELEMENTS--GENERAL INFORMATION
fixed length control field 181212b ||||| |||| 00| 0 eng d
082 ## - DEWEY DECIMAL CLASSIFICATION NUMBER
Edition number 2018
Classification number UT 1097
Item number Se55
100 ## - MAIN ENTRY--PERSONAL NAME
Personal name Senajon, Roger Rotchell P.
9 (RLIN) 33132
245 ## - TITLE STATEMENT
Title Crime rate in the Municipality of Sta. Maria for the year 2014 - 2016 /
Statement of responsibility, etc. Roger Rotchell P. Senajon, Leonie H. Cobol Jr., Jenniel C. Nebiar
260 ## - PUBLICATION, DISTRIBUTION, ETC. (IMPRINT)
Place of publication, distribution, etc. Digos City:
Name of publisher, distributor, etc. UMDC
Date of publication, distribution, etc. November 2018.
300 ## - PHYSICAL DESCRIPTION
Extent 29 pages ;
Other physical details 30 cm.
650 ## - SUBJECT ADDED ENTRY--TOPICAL TERM
Topical term or geographic name as entry element Criminal Justice Education
Form subdivision Criminology
General subdivision Undergraduate Thesis.
9 (RLIN) 33107
700 ## - ADDED ENTRY--PERSONAL NAME
Personal name Senajon, Roger Rotchell P.
9 (RLIN) 33132
700 ## - ADDED ENTRY--PERSONAL NAME
Personal name Cobol, Leonie H. Jr.
9 (RLIN) 33133
700 ## - ADDED ENTRY--PERSONAL NAME
Personal name Nebiar, Jenniel C.
9 (RLIN) 33134
942 ## - ADDED ENTRY ELEMENTS (KOHA)
Source of classification or shelving scheme Dewey Decimal Classification
Koha item type Undergraduate Thesis
Holdings
Withdrawn status Lost status Source of classification or shelving scheme Damaged status Not for loan Home library Current library Date acquired Total Checkouts Full call number Barcode Date last seen Price effective from Koha item type
    Dewey Decimal Classification     UM Digos College - LIC UM Digos College - LIC 12/06/2018   UT 1097 Se55 2018 1097 05/15/2025 12/12/2018 Undergraduate Thesis